000 00937nam a22002897a 4500
001 7873
003 FISKH
005 20250812161902.0
008 250812b cb ||||| |||| 00| 0 eng d
020 _a033500711008
040 _aFISKH
_beng
_cFISKH
_dFISKH
050 _aPZ7.W16897 D
082 _a813
100 _aSlater, Teddy
245 _aDumbo :
_bWalt Disney's /
_cAdapted by Teddy Slater ; Illustrated by Ron Dias and Annie Guenther
260 _aNew York :
_bA Golden Book,
_c1988.
300 _a24 unnumbered pages :
_bcolor illustrations ;
_c20 cm
505 _aP
520 _aA little elephant uses his enormous ears to become the star of the circus.
521 8 _a650
_bLexile
521 8 _aP
_bRaz-Plus
650 _aAnimals
_vElephant
_xChildren's literature
_yPicture Book
700 _aDias, Ron
_eillustrator
700 _aGuenther, Annie
_eillustrator
942 _2ddc
_cBK
_n0
999 _c7873
_d7873